000 00337nam a2200145Ia 4500
008 210210b1989 xxu||||| |||| 00| 0 eng d
082 _a621.483 INDD
100 _aINDIA (Government of).
245 _aDhruva
260 _aBombay
_bBARC
_c1989
300 _a36
650 _aDhruva Reactor
690 _aNuclear Energy
906 _a043181
999 _c92575
_d92575